00162nam a2200073Ia 4500008004100000082001500041100001000056245002200066240331s9999 xx 000 0 und d a303.6bSOM aMIRJE 0aSomeone lse's war